01268nam a2200265 a 450000100060000000300090000600800410001502000150005604000280007108200160009910000380011524500710015326000350022430000110025959000490027065000240031965000440034365000370038794200120042499900170043695201500045395201340060395201340073795201310087117329CO-ViMGA141112s2004 ck r 000 u spa d a958281277X aCO-ViMGAbspacCO-ViMGA04a986.1 L438g1 aLievano Aguirre, Indalecio91395710aLos grandes conflictos sociales y económicos de nuestra historia aBogotá, cIntermedio, c2002 a857.p. aForma de adquisición : Premio - Mincultura14aCOLOMBIA - HISTORIA14aEconomía - HISTORIA - COLOMBIA91413314aLUCHAS SOCIALES - COLOMBIA99583 2ddccBK c26892d26892 00102ddc40708003aMEVIECARbMEVIECARd2015-12-04hVolumen. 1 | 11/jun/2009l0o986.1 L438gp17329r2015-12-04 00:00:00tEj. 1w2015-12-04yBK 00102ddc40708GENaMEBAUPIAbMEBAUPIAcGENd2023-10-30l0o330.91861 L32gpBUP01287r2023-10-30 22:34:59tEj.1w2023-10-30yBK 00102ddc40708GENaMECUMARAbMECUMARAcGENd2024-05-27l0o330.91861L32gpCUM 00234r2024-05-27 21:00:42tEj.1w2024-05-27yBK 00102ddc40708GENaMECUMARAbMECUMARAcGENd2025-09-22l0o986.1 L438gpCUM01258r2025-09-22 20:55:09tEj.1w2025-09-22yBK